The chaste seraglian, or, Yolanda of Sicily : a novel, in two parts /

Bibliographic Details
Main Author: Préchac, Jean de, 1647?-1720
Other Authors: Hayes, Thomas
Format: Microform Book
Language:English
Series:Early English books, 1641-1700 ; 1512:3.

MARC

Tag First Indicator Second Indicator Subfields
LEADER 00000cam a2200000 a 4500
001 in00000888654
005 20150923135650.0
007 hd afa013baca
007 hd bfa013baaa
008 850717r19841685miu a 00001 eng d
035 |a (OCoLC)12273824 
035 |9 AEL3940AM 
037 |a CL0037000053  |b University Microfilms International 
037 |b University Microfilms International, 300 N. Zeeb Rd., Ann Arbor, MI 48106 
040 |a EAI  |c EAI  |d m/c  |d UtOrBLW 
041 1 |a eng  |h frm 
049 |a TXAI 
090 |a PQ1879  |b .P6 1685 
099 |a film   |a  B   |a  3609 
100 1 |a Préchac, Jean de,  |d 1647?-1720. 
245 1 4 |a The chaste seraglian, or, Yolanda of Sicily :  |b a novel, in two parts /  |c done out of French by T.H. ... 
264 3 |a London :  |b Printed for R. Bentley and S. Magnes ..., MDCLXXXV [1685]  |c [date of publication not identified] 
300 |a 4 unnumbered pages, 163 pages 
336 |a text  |b txt  |2 rdacontent 
337 |a microform  |b h  |2 rdamedia 
338 |a microfilm reel  |b hd  |2 rdacarrier 
500 |a Illustrated added title page. 
500 |a Dedication signed: Tho. Hayes. 
500 |a "Yolanda of Sicily" (part 2) has special title page. 
500 |a Reproduction of original in the Harvard University Library. 
510 4 |a Wing  |c P3204. 
533 |a Microfilm.  |b Ann Arbor, Mich. :  |c University Microfilms International,  |d 1984.  |e 1 microfilm reel ; 35 mm.  |f (Early English books, 1641-1700 ; 1512:3) 
500 |a Microform. 
700 1 |a Hayes, Thomas. 
740 4 |a The chaste Seraglian. 
740 0 |a Yolanda of Sicily. 
830 0 |a Early English books, 1641-1700 ;  |v 1512:3. 
999 |a MARS 
999 f f |s 14d05f15-b609-3658-8ae3-5903829bc29e  |i 4786b8bf-fc81-32bc-ac17-64122a6d5aef  |t 0 
952 f f |p default  |a Texas A&M University  |b College Station  |c Sterling C. Evans Library  |d Evans: Microforms (3rd floor)  |t 0  |e film B 3609 1512:3  |h Other scheme  |i microform -- microfilm reel 
998 f f |a film B 3609 1512:3  |t 0  |l Evans: Microforms (3rd floor)